La mecánica de los fluidos
Guardat en:
| Autor principal: | |
|---|---|
| Format: | Llibre |
| Idioma: | espanyol |
| Publicat: |
Ciudad de México
McGraw-Hill
1970
|
| Matèries: | |
| Etiquetes: |
Afegir etiqueta
Sense etiquetes, Sigues el primer a etiquetar aquest registre!
|
MARC
| LEADER | 00000nam a2200000 a 4500 | ||
|---|---|---|---|
| 001 | UCP0554 | ||
| 003 | CL-VaPUC | ||
| 008 | 990313e19700000MX |||||||||||||||||spa|d | ||
| 082 | 0 | 4 | |a 532 |b SHA |2 21 |
| 100 | 0 | |a Shames, Irving Herman |e author |9 425888 | |
| 245 | 1 | 3 | |a La mecánica de los fluidos |
| 300 | |a 592 p | ||
| 942 | |c BK | ||
| 945 | |d 19990313 00:00:00 |a lriquelm | ||
| 260 | |a Ciudad de México |b McGraw-Hill |c 1970 | ||
| 650 | 0 | |a Mecánica de fluidos |9 259464 | |
| 650 | 0 | |a Análisis vectorial |9 260451 | |
| 650 | 0 | |a Análisis de flujos |9 425889 | |
| 583 | |a last modification |c 19990313 00:00:00 |k Rodrigo Vera | ||
| 999 | |c 279320 |d 279318 | ||
| 952 | |0 0 |1 0 |4 0 |6 532_000000000000000_SHA_1970 |7 0 |8 A |9 318377 |a BIBMEC |b BIBMEC |d 2019-11-20 |i 1326430 |o 532 SHA 1970 |p 1326430 |r 2024-01-19 |w 2019-11-20 |y BK |k MEC | ||